[Event "POL-chT3 Wielkopolskie 1415"]
[Site "Poland"]
[Date "2014.12.07"]
[Round "2.36"]
[White "Kaczmarek, Alicja"]
[Black "Wawrzyniak, Weronika"]
[Result "1-0"]
[WhiteElo "1834"]
[BlackElo "1346"]
[PlyCount "89"]
[EventDate "2014.11.30"]
[EventType "team-tourn"]
[EventRounds "11"]
[EventCountry "POL"]
[SourceTitle "EXT 2019"]
[Source "ChessBase"]
[SourceDate "2018.10.10"]
[SourceVersion "1"]
[SourceVersionDate "2018.10.10"]
[SourceQuality "1"]

1. e4 e6 2. d4 d5 3. e5 c5 4. c3 Qb6 5. Ne2 Nc6 6. g3 cxd4 7. cxd4 Nge7 8. Bh3 Ng6 9. 0-0 Be7 10. Nbc3 0-0 11. Rb1 Bd7 12. Nxd5 exd5 13. Bxd7 Nd8 14. Be3 Ne6 15. Bxe6 fxe6 16. Qd3 Rac8 17. f4 Qa6 18. Qxa6 bxa6 19. Rfc1 Bb4 20. Rxc8 Rxc8 21. Rc1 Rxc1+ 22. Bxc1 Ne7 23. g4 g6 24. Kf2 Nc6 25. Ke3 Na5 26. b3 Nc6 27. Bd2 Be7 28. Nc3 Nb4 29. Na4 a5 30. Bxb4 Bxb4 31. f5 gxf5 32. gxf5 Kf7 33. f6 h6 34. Nc5 Ba3 35. Nb7 Bb4 36. Nd8+ Ke8 37. Nxe6 Bf8 38. Nxf8 Kxf8 39. e6 a6 40. Kf4 h5 41. Ke5 h4 42. Kd6 Ke8 43. e7 h3 44. Ke6 a4 45. f7# 1-0

[Event "POL-chT 3rd League Wielkopolska 12/13"]
[Site "Poznan"]
[Date "2012.12.02"]
[Round "2.36"]
[White "Kowara, Magdalena"]
[Black "Kaczmarek, Alicja"]
[Result "0-1"]
[WhiteElo "1884"]
[BlackElo "1827"]
[PlyCount "126"]
[EventDate "2012.11.25"]
[EventType "team-tourn"]
[EventRounds "11"]
[EventCountry "POL"]
[SourceTitle "EXT 2014"]
[Source "ChessBase"]
[SourceDate "2013.11.20"]
[SourceVersion "1"]
[SourceVersionDate "2013.11.20"]
[SourceQuality "1"]
[WhiteTeam "Trzcianka MKS przy MDK"]
[BlackTeam "Srem LKS Piast"]
[WhiteTeamCountry "POL"]
[BlackTeamCountry "POL"]

1. e4 c5 2. Nf3 e6 3. d4 cxd4 4. Nxd4 a6 5. Bd3 Qc7 6. 0-0 Nc6 7. Nxc6 bxc6 8. Nc3 g6 9. f4 Bg7 10. e5 f5 11. Be3 Ne7 12. Bc5 Nd5 13. Qe1 Bf8 14. Bd4 c5 15. Nxd5 exd5 16. Bc3 d4 17. Ba5 Qc6 18. Be2 Rb8 19. Bf3 Qe6 20. b3 Bb7 21. Bc7 Rc8 22. Ba5 Bxf3 23. Rxf3 Be7 24. Rd1 0-0 25. Rfd3 d6 26. c3 dxe5 27. Qxe5 Qxe5 28. fxe5 Kf7 29. cxd4 cxd4 30. Bb6 Bc5 31. Bxc5 Rxc5 32. Rxd4 Rxe5 33. Rd7+ Re7 34. R1d6 Ra8 35. Rxe7+ Kxe7 36. Rb6 Ra7 37. Kf2 a5 38. Rb5 Kd6 39. Kf3 a4 40. b4 a3 41. Ke3 Kc6 42. Rc5+ Kd6 43. Kd3 h6 44. Kc3 Re7 45. Kb3 Re2 46. Rc2 Rxc2 47. Kxc2 g5 48. Kd3 h5 49. Kd4 Kc6 50. Kc4 f4 51. b5+ Kb6 52. h3 g4 53. hxg4 hxg4 54. Kd4 Kxb5 55. Ke4 Kc4 56. Kxf4 Kc3 57. Kxg4 Kb2 58. Kf5 Kxa2 59. g4 Kb2 60. g5 a2 61. g6 a1Q 62. g7 Qa8 63. Kg6 Qg8 0-1

[Event "POL-chT3 Wielkopolska 1112"]
[Site "Poland"]
[Date "2012.??.??"]
[Round "5.6"]
[White "Vasilieva, Maria"]
[Black "Kaczmarek, Alicja"]
[Result "1/2-1/2"]
[WhiteElo "1969"]
[BlackElo "1825"]
[PlyCount "38"]
[EventDate "2011.11.27"]
[EventType "team-tourn"]
[EventRounds "11"]
[EventCountry "POL"]
[SourceTitle "EXT 2014"]
[Source "ChessBase"]
[SourceDate "2013.11.20"]
[SourceVersion "1"]
[SourceVersionDate "2013.11.20"]
[SourceQuality "1"]
[WhiteTeam "Poznan Lech"]
[BlackTeam "Srem LKS Piast"]
[WhiteTeamCountry "POL"]
[BlackTeamCountry "POL"]

1. d4 d5 2. Nf3 c6 3. c4 e6 4. Nc3 f5 5. cxd5 exd5 6. Bg5 Be7 7. Bxe7 Qxe7 8. g3 Nf6 9. Bg2 0-0 10. 0-0 Be6 11. a3 Ne4 12. Nxe4 fxe4 13. Ne5 Nd7 14. f4 Rac8 15. Rc1 Nxe5 16. dxe5 Qd7 17. Qd4 b6 18. b4 Rc7 19. Rfe1 Qe7 1/2-1/2

[Event "Gdansk op 13th"]
[Site "Gdansk"]
[Date "2011.07.22"]
[Round "7"]
[White "Kaczmarek, Alicja"]
[Black "Teclaf, Pawel"]
[Result "1-0"]
[WhiteElo "1829"]
[BlackElo "1509"]
[PlyCount "63"]
[EventDate "2011.07.17"]
[EventType "swiss"]
[EventRounds "9"]
[EventCountry "POL"]
[SourceTitle "CBM 143 Extra"]
[Source "ChessBase"]
[SourceDate "2011.08.29"]
[SourceVersion "1"]
[SourceVersionDate "2011.08.29"]
[SourceQuality "1"]

1. e4 e5 2. Nf3 Nc6 3. d4 exd4 4. Bc4 Nf6 5. Ng5 d5 6. exd5 Qe7+ 7. Kf1 Ne5 8. Qxd4 Nxc4 9. Qxc4 Qc5 10. Qxc5 Bxc5 11. Nc3 Bf5 12. Bf4 h6 13. Re1+ Kf8 14. Nge4 Bxe4 15. Nxe4 Nxd5 16. Bxc7 Nxc7 17. Nxc5 b6 18. Nb3 Rd8 19. f3 Nd5 20. c3 f6 21. g3 Kf7 22. Kf2 f5 23. Nd4 f4 24. Nc6 Rc8 25. Ne5+ Kf6 26. Re4 fxg3+ 27. hxg3 Rce8 28. Rhe1 h5 29. c4 Nb4 30. Rf4+ Kg5 31. Nf7+ Kg6 32. Nxh8+ 1-0

[Event "POL-chT3 2010/11"]
[Site "Wielkopolska"]
[Date "2011.04.15"]
[Round "10"]
[White "Markowska, Maria"]
[Black "Kaczmarek, Alicja"]
[Result "0-1"]
[WhiteElo "1772"]
[BlackElo "1815"]
[PlyCount "76"]
[EventDate "2010.11.28"]
[EventType "team-tourn"]
[EventRounds "11"]
[EventCountry "POL"]
[SourceTitle "EXT 2019"]
[Source "ChessBase"]
[SourceDate "2018.10.10"]
[SourceVersion "1"]
[SourceVersionDate "2018.10.10"]
[SourceQuality "1"]
[WhiteTeam "Rawicz Korona Rawbud"]
[BlackTeam "Srem LKS Piast"]
[WhiteTeamCountry "POL"]
[BlackTeamCountry "POL"]

1. e4 c5 2. Nf3 e6 3. d4 cxd4 4. Nxd4 a6 5. Nc3 Qc7 6. a3 Nf6 7. Be3 Nc6 8. f3 b5 9. Qd2 Bb7 10. Be2 b4 11. Na4 bxa3 12. bxa3 d5 13. exd5 Nxd5 14. Bf2 Rd8 15. c3 Nf4 16. 0-0 e5 17. Qe3 Nxd4 18. cxd4 Rxd4 19. Rac1 Qa5 20. Nc5 Bxc5 21. Qxe5+ Ne6 22. Qb8+ Rd8 23. Qxb7 Bxf2+ 24. Rxf2 Qxa3 25. Qc6+ Ke7 26. Bxa6 Rd6 27. Qb7+ Rd7 28. Qc6 Rc7 29. Qxc7+ Nxc7 30. Rxc7+ Kd6 31. Rxf7 Qxa6 32. Rd2+ Ke6 33. Rf4 Rc8 34. Re4+ Kf7 35. Rf4+ Kg8 36. Rd1 Qb6+ 37. Kf1 Re8 38. Rfd4 Qb7 0-1

[Event "Rewal op-B 15th"]
[Site "Rewal"]
[Date "2010.08.27"]
[Round "8"]
[White "Nun, Joanna"]
[Black "Kaczmarek, Alicja"]
[Result "1/2-1/2"]
[WhiteElo "1563"]
[BlackElo "1826"]
[PlyCount "95"]
[EventDate "2010.08.18"]
[EventType "swiss"]
[EventRounds "9"]
[EventCountry "POL"]
[SourceTitle "EXT 2014"]
[Source "ChessBase"]
[SourceDate "2013.11.20"]
[SourceVersion "1"]
[SourceVersionDate "2013.11.20"]
[SourceQuality "1"]

1. e4 c5 2. Nf3 e6 3. d4 cxd4 4. Nxd4 a6 5. Bd3 Qc7 6. Be3 Nf6 7. a3 Nc6 8. Nxc6 bxc6 9. f4 d6 10. Nd2 Bb7 11. Qe2 Be7 12. g4 Nd7 13. Qf2 c5 14. Rf1 d5 15. c3 Nf6 16. Qg2 0-0-0 17. g5 Nd7 18. c4 d4 19. Bg1 Nb6 20. Rb1 Rhe8 21. b4 Na4 22. Bc2 Nc3 23. Rb3 Bc6 24. Nb1 Nxb1 25. Rxb1 d3 26. Bd1 f5 27. gxf6 Bxf6 28. Kd2 Bd4 29. Rb3 cxb4 30. Rxb4 Qa5 31. Bxd4 Rxd4 32. Qxg7 Rxc4 33. Qe5 Qxe5 34. fxe5 Rxb4 35. axb4 Bxe4 36. Bb3 Bf5 37. Bc4 Kb7 38. Ra1 Ra8 39. Bxd3 Bxd3 40. Kxd3 Kb6 41. Rf1 Ra7 42. Rf6 Re7 43. Rf8 Kc6 44. Kc4 Kb6 45. Rb8+ Ka7 46. Rd8 Rc7+ 47. Kb3 Re7 48. Kc4 1/2-1/2

[Event "Rewal op-B 15th"]
[Site "Rewal"]
[Date "2010.08.25"]
[Round "6"]
[White "Szydlowska, Marta"]
[Black "Kaczmarek, Alicja"]
[Result "1-0"]
[WhiteElo "2063"]
[BlackElo "1826"]
[PlyCount "77"]
[EventDate "2010.08.18"]
[EventType "swiss"]
[EventRounds "9"]
[EventCountry "POL"]
[SourceTitle "EXT 2014"]
[Source "ChessBase"]
[SourceDate "2013.11.20"]
[SourceVersion "1"]
[SourceVersionDate "2013.11.20"]
[SourceQuality "1"]

1. d4 d5 2. Nf3 c6 3. Bf4 e6 4. e3 f5 5. c4 Bd6 6. Ne5 Nf6 7. Nc3 0-0 8. Be2 Qe7 9. c5 Bc7 10. h4 b6 11. b4 a5 12. a3 Ba6 13. Bxa6 Rxa6 14. 0-0 axb4 15. axb4 Bxe5 16. Bxe5 Qb7 17. Qe2 b5 18. Ra2 Nbd7 19. Bd6 Rfa8 20. Rfa1 R8a7 21. f3 Qa8 22. Qd2 Rxa2 23. Rxa2 Rxa2 24. Nxa2 Qa3 25. Nc1 h6 26. Nd3 Qa1+ 27. Kh2 g5 28. hxg5 hxg5 29. Nf2 Kf7 30. Nh3 Nh7 31. Qf2 Ndf6 32. Qg3 g4 33. Nf4 Qa8 34. Nd3 Qe8 35. Qh4 Kg7 36. Ne5 gxf3 37. gxf3 Qh5 38. Qxh5 Nxh5 39. Nxc6 1-0

[Event "Rewal op-B 15th"]
[Site "Rewal"]
[Date "2010.08.24"]
[Round "5"]
[White "Kaczmarek, Alicja"]
[Black "Kowalski, Maciej"]
[Result "1-0"]
[WhiteElo "1826"]
[BlackElo "1662"]
[PlyCount "67"]
[EventDate "2010.08.18"]
[EventType "swiss"]
[EventRounds "9"]
[EventCountry "POL"]
[SourceTitle "EXT 2014"]
[Source "ChessBase"]
[SourceDate "2013.11.20"]
[SourceVersion "1"]
[SourceVersionDate "2013.11.20"]
[SourceQuality "1"]

1. e4 d5 2. exd5 Nf6 3. d4 Nxd5 4. c4 Nb6 5. Nc3 e5 6. Nf3 exd4 7. Nxd4 c5 8. Nf3 Qxd1+ 9. Nxd1 Nc6 10. b3 Bf5 11. Ne3 Bg6 12. Bb2 0-0-0 13. Be2 Nd4 14. Ne5 f6 15. Nxg6 hxg6 16. Rd1 Nxe2 17. Kxe2 Bd6 18. a4 Rhe8 19. h4 f5 20. Kf3 Be5 21. Bxe5 Rxe5 22. Rxd8+ Kxd8 23. Kf4 Re6 24. h5 Ke7 25. Kg5 Kf7 26. h6 Re8 27. h7 Rh8 28. Nd5 Nc8 29. Nf4 Ne7 30. a5 a6 31. f3 Ke8 32. Nxg6 Nxg6 33. Kxg6 Kf8 34. Rd1 1-0

[Event "Rewal op-B 15th"]
[Site "Rewal"]
[Date "2010.08.23"]
[Round "4"]
[White "Czaja, Roman"]
[Black "Kaczmarek, Alicja"]
[Result "1-0"]
[WhiteElo "2046"]
[BlackElo "1826"]
[PlyCount "115"]
[EventDate "2010.08.18"]
[EventType "swiss"]
[EventRounds "9"]
[EventCountry "POL"]
[SourceTitle "EXT 2014"]
[Source "ChessBase"]
[SourceDate "2013.11.20"]
[SourceVersion "1"]
[SourceVersionDate "2013.11.20"]
[SourceQuality "1"]

1. d4 d5 2. c4 c6 3. Nc3 e6 4. Nf3 f5 5. e3 Nf6 6. Bd3 Bd6 7. Qc2 0-0 8. b3 Qe7 9. 0-0 Ne4 10. Ne2 Bd7 11. Bb2 Be8 12. Ne5 Bh5 13. f3 Ng5 14. Ng3 Be8 15. Rae1 Nd7 16. e4 Nxe5 17. dxe5 Bc5+ 18. Kh1 dxe4 19. fxe4 f4 20. Nf5 exf5 21. exf5 f3 22. h4 f2 23. Re2 Bh5 24. f6 gxf6 25. exf6 Qf7 26. Re5 Ne6 27. Bf5 Rae8 28. Bxe6 Rxe6 29. Rxc5 Bg6 30. Qxf2 h6 31. Qf4 b6 32. Re5 Rxf6 33. Qxf6 Qxf6 34. Rxf6 Rxf6 35. Re7 Rf7 36. Re6 Bb1 37. a3 Ba2 38. Rxh6 Rh7 39. Rg6+ Kf7 40. Rf6+ Ke7 41. g3 Bxb3 42. Rxc6 Kd7 43. Rg6 Bxc4 44. Kg2 Bd5+ 45. Kf2 Rf7+ 46. Ke3 Rf3+ 47. Kd4 Bf7 48. Rg5 Rb3 49. Bc1 Rb1 50. Bf4 Ra1 51. h5 Rh1 52. g4 Rh4 53. Ke5 a5 54. Rg7 Ke8 55. h6 Kf8 56. Kf6 Bb3 57. Bd6+ Ke8 58. h7 1-0

[Event "Chojnice op-B 6th"]
[Site "Chojnice"]
[Date "2010.07.11"]
[Round "3.11"]
[White "Rzepinski, Maciej"]
[Black "Kaczmarek, Alicja"]
[Result "0-1"]
[WhiteElo "1637"]
[BlackElo "1806"]
[PlyCount "36"]
[EventDate "2010.07.08"]
[EventType "swiss"]
[EventRounds "9"]
[EventCountry "POL"]
[SourceTitle "EXT 2023"]
[Source "ChessBase"]
[SourceDate "2022.10.05"]
[SourceVersion "1"]
[SourceVersionDate "2022.10.05"]
[SourceQuality "1"]

1. d4 d5 2. c4 c6 3. Nc3 e6 4. Nf3 f5 5. cxd5 exd5 6. Qc2 Nf6 7. e3 Bd6 8. Bd3 Ne4 9. 0-0 0-0 10. Qb3 Qc7 11. Nxe4 fxe4 12. Bxe4 Bg4 13. h3 Bh5 14. Ng5 Qe7 15. Bxh7+ Kh8 16. Bc2 Qxg5 17. Qxb7 Bf3 18. g4 Qh4 0-1

[Event "Chojnice op-B 6th"]
[Site "Chojnice"]
[Date "2010.07.10"]
[Round "2.14"]
[White "Kaczmarek, Alicja"]
[Black "Gebler, Szymon"]
[Result "1-0"]
[WhiteElo "1806"]
[BlackElo "1345"]
[PlyCount "41"]
[EventDate "2010.07.08"]
[EventType "swiss"]
[EventRounds "9"]
[EventCountry "POL"]
[SourceTitle "EXT 2023"]
[Source "ChessBase"]
[SourceDate "2022.10.05"]
[SourceVersion "1"]
[SourceVersionDate "2022.10.05"]
[SourceQuality "1"]

1. e4 e5 2. Nf3 Nc6 3. d4 exd4 4. Bc4 Be7 5. c3 Na5 6. Qxd4 Nxc4 7. Qxc4 d6 8. 0-0 Nf6 9. Bf4 Bg4 10. Qb5+ Bd7 11. Qxb7 Qb8 12. Qxb8+ Rxb8 13. e5 Nh5 14. Bc1 d5 15. h3 g6 16. b3 Bf8 17. Na3 Nf4 18. Bxf4 Bxa3 19. Rad1 c6 20. e6 Rb7 21. exd7+ 1-0

[Event "Kowalewo Pomorskie op-B 17th"]
[Site "Kowalewo Pomorskie"]
[Date "2010.07.09"]
[Round "7"]
[White "Kaczmarek, Alicja"]
[Black "Rewasiewicz, Milosz"]
[Result "0-1"]
[WhiteElo "1806"]
[BlackElo "1855"]
[PlyCount "32"]
[EventDate "2010.07.04"]
[EventType "swiss"]
[EventRounds "9"]
[EventCountry "POL"]
[SourceTitle "EXT 2011"]
[Source "ChessBase"]
[SourceDate "2010.11.26"]
[SourceVersion "1"]
[SourceVersionDate "2010.11.26"]
[SourceQuality "1"]

1. e4 c6 2. d4 d5 3. exd5 cxd5 4. c4 Nf6 5. Nc3 Nc6 6. Nf3 e6 7. c5 Be7 8. Bd3 0-0 9. a3 a5 10. Bf4 b6 11. Bb5 Na7 12. a4 Ne4 13. Nxe4 dxe4 14. Ne5 Nxb5 15. Nc6 Qd7 16. Nxe7+ Qxe7 0-1

[Event "Kowalewo Pomorskie op-B 17th"]
[Site "Kowalewo Pomorskie"]
[Date "2010.07.06"]
[Round "4"]
[White "Kaczmarek, Alicja"]
[Black "Szydelko, Marcin"]
[Result "1-0"]
[WhiteElo "1806"]
[BlackElo "1847"]
[PlyCount "41"]
[EventDate "2010.07.04"]
[EventType "swiss"]
[EventRounds "9"]
[EventCountry "POL"]
[SourceTitle "EXT 2011"]
[Source "ChessBase"]
[SourceDate "2010.11.26"]
[SourceVersion "1"]
[SourceVersionDate "2010.11.26"]
[SourceQuality "1"]

1. e4 e5 2. Nf3 Nc6 3. d4 exd4 4. Bc4 Nf6 5. Ng5 Ne5 6. Bb3 h6 7. f4 hxg5 8. fxe5 Nh5 9. 0-0 f6 10. exf6 gxf6 11. e5 Bc5 12. Qd3 d5 13. exf6 Be6 14. Qb5+ Qd7 15. Qxc5 0-0-0 16. Qxa7 Qh7 17. Qa8+ Kd7 18. Ba4+ Kd6 19. Qxb7 Nxf6 20. h3 Bxh3 21. Qc6+ 1-0

[Event "Poznan op-B 18th"]
[Site "Poznan"]
[Date "2009.07.21"]
[Round "3"]
[White "Rusinski, Mateusz"]
[Black "Kaczmarek, Alicja"]
[Result "1-0"]
[WhiteElo "1932"]
[BlackElo "1821"]
[PlyCount "114"]
[EventDate "2009.07.19"]
[EventType "swiss"]
[EventRounds "9"]
[EventCountry "POL"]
[SourceTitle "EXT 2011"]
[Source "ChessBase"]
[SourceDate "2010.11.26"]
[SourceVersion "1"]
[SourceVersionDate "2010.11.26"]
[SourceQuality "1"]

1. d4 d5 2. c4 c6 3. Nc3 e6 4. Nf3 f5 5. e3 Nf6 6. Be2 Be7 7. 0-0 0-0 8. a3 a5 9. c5 b6 10. cxb6 Qxb6 11. Na4 Qc7 12. Qc2 Nbd7 13. Bd2 Ne4 14. Rfc1 Bb7 15. Be1 e5 16. Bd3 g5 17. Bxe4 fxe4 18. Nxe5 Nxe5 19. dxe5 Qxe5 20. Nb6 Rad8 21. Bxa5 Bd6 22. g3 Bc7 23. Bc3 Qf5 24. Bd4 Rf7 25. Qe2 Rdf8 26. Rf1 Qf3 27. Qxf3 Rxf3 28. Nd7 R8f7 29. Nc5 Bc8 30. Kg2 Bd6 31. b4 Bxc5 32. Bxc5 Ba6 33. a4 Bxf1+ 34. Rxf1 Rc7 35. Rc1 Rff7 36. a5 Rc8 37. a6 Ra8 38. a7 Rc7 39. Bb6 Rcc8 40. b5 cxb5 41. Rb1 Kf7 42. Rxb5 Ke6 43. Bd4 Rc7 44. Rb6+ Kd7 45. Rf6 Rc2 46. Rf7+ Ke6 47. Rxh7 g4 48. Rh6+ Ke7 49. Rh8 Rxh8 50. Bxh8 Ra2 51. Bd4 Ke6 52. h4 gxh3+ 53. Kxh3 Kf5 54. Kh4 Kg6 55. Kg4 Kh6 56. Kf5 Rxf2+ 57. Ke5 Ra2 1-0

[Event "Kowalewo Pomorskie op-B 16th"]
[Site "Kowalewo Pomorskie"]
[Date "2009.07.08"]
[Round "6"]
[White "Kaczmarek, Alicja"]
[Black "Bartosik, Piotr1111"]
[Result "0-1"]
[WhiteElo "1821"]
[BlackElo "1986"]
[PlyCount "58"]
[EventDate "2009.07.04"]
[EventType "swiss"]
[EventRounds "9"]
[EventCountry "POL"]
[SourceTitle "EXT 2011"]
[Source "ChessBase"]
[SourceDate "2010.11.26"]
[SourceVersion "1"]
[SourceVersionDate "2010.11.26"]
[SourceQuality "1"]

1. e4 c5 2. b3 e6 3. Bb2 d5 4. exd5 exd5 5. Bb5+ Nc6 6. Qe2+ Be6 7. Nf3 a6 8. Bxc6+ bxc6 9. 0-0 h6 10. d4 Nf6 11. Ne5 Qc8 12. f4 Be7 13. Nd2 Ra7 14. Rac1 cxd4 15. Bxd4 c5 16. Bb2 0-0 17. c4 d4 18. Ne4 Bf5 19. Ng3 Bg4 20. Qd3 Bd6 21. h3 Be6 22. Kh1 Bxh3 23. gxh3 Qxh3+ 24. Kg1 Bxe5 25. fxe5 Ng4 26. Rf3 Qh2+ 27. Kf1 Qxb2 28. Rc2 Qb1+ 29. Ke2 Nxe5 0-1

[Event "Polanica Zdroj op-C 44th"]
[Site "Polanica Zdroj"]
[Date "2008.08.21"]
[Round "3"]
[White "Kaczmarek, Alicja"]
[Black "Marcjanek, Lukasz"]
[Result "1-0"]
[WhiteElo "1879"]
[BlackElo "1763"]
[PlyCount "63"]
[EventDate "2008.08.19"]
[EventType "swiss"]
[EventRounds "9"]
[EventCountry "POL"]
[SourceTitle "CBM 126 Extra"]
[Source "ChessBase"]
[SourceDate "2008.11.05"]
[SourceVersion "1"]
[SourceVersionDate "2008.11.05"]
[SourceQuality "1"]

1. e4 c6 2. d4 d5 3. exd5 cxd5 4. c4 Nf6 5. Nc3 Nc6 6. Nf3 Bg4 7. Be3 e6 8. c5 Be7 9. Bb5 0-0 10. 0-0 Qc7 11. h3 Bh5 12. g4 Bg6 13. Bxc6 bxc6 14. Ne5 Nd7 15. f4 f6 16. Nxg6 hxg6 17. Qd3 g5 18. b4 gxf4 19. Bxf4 e5 20. Bh2 Qb7 21. a3 e4 22. Qe3 Rfe8 23. Rfb1 Nf8 24. b5 Ne6 25. h4 Rad8 26. a4 Bf8 27. a5 Nxc5 28. dxc5 d4 29. Qe2 Bxc5 30. Qc4+ Kh8 31. Qxc5 cxb5 32. Rxb5 1-0

[Event "Poznan op-B 17th"]
[Site "Poznan"]
[Date "2008.07.27"]
[Round "9.4"]
[White "Dzwikowski, Adam"]
[Black "Kaczmarek, Alicja"]
[Result "1-0"]
[WhiteElo "2000"]
[BlackElo "1879"]
[PlyCount "37"]
[EventDate "2008.07.19"]
[EventType "swiss"]
[EventRounds "9"]
[EventCountry "POL"]
[SourceTitle "EXT 2023"]
[Source "ChessBase"]
[SourceDate "2022.10.05"]
[SourceVersion "1"]
[SourceVersionDate "2022.10.05"]
[SourceQuality "1"]

1. Nf3 Nf6 2. g3 d5 3. Bg2 c6 4. 0-0 Bg4 5. c4 Nbd7 6. b3 e6 7. Bb2 Bd6 8. d3 0-0 9. Nbd2 Rc8 10. h3 Bxf3 11. Nxf3 Qe7 12. a3 e5 13. e4 dxe4 14. dxe4 Nxe4 15. Nh4 Ndf6 16. Re1 g5 17. Nf5 Qd7 18. Bxe4 Nxe4 19. Qg4 1-0

[Event "Kowalewo Pomorskie op-B"]
[Site "Kowalewo Pomorskie"]
[Date "2008.07.04"]
[Round "2.1"]
[White "Siwon, Bogdan"]
[Black "Kaczmarek, Alicja"]
[Result "1-0"]
[WhiteElo "1995"]
[BlackElo "1879"]
[PlyCount "87"]
[EventDate "2008.07.04"]
[EventType "swiss"]
[EventRounds "9"]
[EventCountry "POL"]
[SourceTitle "EXT 2023"]
[Source "ChessBase"]
[SourceDate "2022.10.05"]
[SourceVersion "1"]
[SourceVersionDate "2022.10.05"]
[SourceQuality "1"]

1. d4 d5 2. c4 c6 3. Nc3 f5 4. Nf3 e6 5. g3 Nf6 6. Bg2 Be7 7. 0-0 0-0 8. cxd5 exd5 9. Ng5 Ne4 10. Nh3 Nd7 11. f3 Nd6 12. Bf4 Nf6 13. Qd3 h6 14. Rae1 Be6 15. b3 Qd7 16. Be5 Rae8 17. Nf2 Nf7 18. Bf4 Bd6 19. Bxd6 Nxd6 20. Na4 Re7 21. Nc5 Qe8 22. Nxe6 Rxe6 23. Bh3 Re3 24. Qd2 Nh7 25. Ne4 Rxe4 26. fxe4 Nxe4 27. Qe3 Qh5 28. Bg2 Nhg5 29. h4 Ne6 30. Bxe4 dxe4 31. Rd1 g5 32. d5 cxd5 33. Rxd5 Qg4 34. Re5 Nf4 35. Kf2 Nh3+ 36. Ke1 gxh4 37. gxh4 Qxh4+ 38. Kd1 Rd8+ 39. Kc2 Rc8+ 40. Kb1 Ng5 41. Rexf5 b6 42. Qd4 Qh2 43. Qd5+ Kg7 44. Qd7+ 1-0

[Event "POL-ch U18 Girls"]
[Site "Leba"]
[Date "2008.04.05"]
[Round "10"]
[White "Kaczmarek, Alicja"]
[Black "Mierska, Agnieszka"]
[Result "1/2-1/2"]
[WhiteElo "1866"]
[BlackElo "1864"]
[PlyCount "127"]
[EventDate "2008.03.29"]
[EventType "swiss"]
[EventRounds "11"]
[EventCountry "POL"]
[SourceTitle "CBM 123 Extra"]
[Source "ChessBase"]
[SourceDate "2008.05.06"]
[SourceVersion "1"]
[SourceVersionDate "2008.05.06"]
[SourceQuality "1"]

1. e4 e6 2. d4 d5 3. exd5 exd5 4. Bd3 Bd6 5. c3 c6 6. Qf3 Nd7 7. Ne2 Ne7 8. Bf4 Qc7 9. Bxd6 Qxd6 10. Qg3 Qxg3 11. hxg3 Nf6 12. Nd2 Bf5 13. Bxf5 Nxf5 14. Nf4 0-0-0 15. 0-0-0 Rde8 16. Rde1 h6 17. Nd3 Nd6 18. Ne5 Nd7 19. g4 Kd8 20. f3 f6 21. Ng6 Rxe1+ 22. Rxe1 Re8 23. Kd1 Nf8 24. Nxf8 Rxf8 25. Nf1 Kd7 26. Ng3 f5 27. gxf5 Nxf5 28. Nxf5 Rxf5 29. Rh1 h5 30. Ke2 Ke6 31. Kf2 Kf6 32. Re1 Kg6 33. Kg3 Rg5+ 34. Kh3 Kf7 35. Re2 Rf5 36. Kh4 g6 37. Re3 Rf4+ 38. Kg3 g5 39. Re5 Kg6 40. Re7 Rf7 41. Re8 Kf5 42. Re5+ Kg6 43. a4 a6 44. b4 Rf5 45. Re8 Rf7 46. Re6+ Kf5 47. Re5+ Kf6 48. b5 axb5 49. axb5 Re7 50. bxc6 bxc6 51. Rxe7 Kxe7 52. f4 Kf6 53. fxg5+ Kxg5 54. Kh3 h4 55. g4 hxg3 56. Kxg3 Kf5 57. Kf3 Kg5 58. Ke3 Kg4 59. Kd3 Kf4 60. Kd2 Kf3 61. Kd3 Kf4 62. Kd2 Ke4 63. Ke2 Kf4 64. Kd2 1/2-1/2

[Event "POL-ch U18 Girls"]
[Site "Leba"]
[Date "2008.04.01"]
[Round "5"]
[White "Furman, Justyna"]
[Black "Kaczmarek, Alicja"]
[Result "1/2-1/2"]
[WhiteElo "1800"]
[BlackElo "1866"]
[PlyCount "28"]
[EventDate "2008.03.29"]
[EventType "swiss"]
[EventRounds "11"]
[EventCountry "POL"]
[SourceTitle "CBM 123 Extra"]
[Source "ChessBase"]
[SourceDate "2008.05.06"]
[SourceVersion "1"]
[SourceVersionDate "2008.05.06"]
[SourceQuality "1"]

1. e4 e6 2. d4 d5 3. exd5 exd5 4. Bd3 Bd6 5. c3 c6 6. Qf3 Qf6 7. Be3 Qxf3 8. Nxf3 Nf6 9. 0-0 Be6 10. Nbd2 0-0 11. Rfe1 Nbd7 12. h3 h6 13. Re2 Rfe8 14. Kf1 Nh5 1/2-1/2

[Event "Koszalin Region-ch ZP-WP U17 Girls"]
[Site "Koszalin"]
[Date "2007.09.15"]
[Round "2.2"]
[White "Wojdylo, Zaklin"]
[Black "Kaczmarek, Alicja"]
[Result "1/2-1/2"]
[WhiteElo "1729"]
[BlackElo "1829"]
[PlyCount "43"]
[EventDate "2007.09.15"]
[EventType "tourn"]
[EventRounds "7"]
[EventCountry "POL"]
[SourceTitle "EXT 2023"]
[Source "ChessBase"]
[SourceDate "2022.10.05"]
[SourceVersion "1"]
[SourceVersionDate "2022.10.05"]
[SourceQuality "1"]

1. e4 e6 2. d3 d5 3. Nd2 dxe4 4. dxe4 e5 5. Ngf3 Bg4 6. Bd3 Nf6 7. 0-0 Bd6 8. Nc4 h6 9. Ne3 Be6 10. a3 0-0 11. Nh4 Nc6 12. Nhf5 Ne7 13. Qf3 Nh7 14. Ng4 Ng6 15. Qh3 Bxf5 16. exf5 Nf4 17. Qf3 Ng5 18. Qxb7 h5 19. Ne3 Qf6 20. Nd5 Nxd5 21. Qxd5 h4 22. h3 1/2-1/2

[Event "Obra Lato op"]
[Site "Obra"]
[Date "2007.09.01"]
[Round "6.4"]
[White "Kaczmarek, Alicja"]
[Black "Sukhimski, Vladimir"]
[Result "0-1"]
[WhiteElo "1829"]
[BlackElo "2200"]
[PlyCount "82"]
[EventDate "2007.08.29"]
[EventType "swiss"]
[EventRounds "9"]
[EventCountry "POL"]
[SourceTitle "EXT 2023"]
[Source "ChessBase"]
[SourceDate "2022.10.05"]
[SourceVersion "1"]
[SourceVersionDate "2022.10.05"]
[SourceQuality "1"]

1. e4 c5 2. b3 Nc6 3. Bb2 d6 4. Bb5 Bd7 5. Bxc6 Bxc6 6. d3 e6 7. f4 d5 8. e5 Nh6 9. Nf3 Nf5 10. d4 cxd4 11. Bxd4 Nxd4 12. Nxd4 Bc5 13. c3 g5 14. Qf3 Bxd4 15. cxd4 gxf4 16. Qxf4 Qa5+ 17. Qd2 Qxd2+ 18. Nxd2 Rg8 19. Kf2 a5 20. a3 Rg4 21. Nf3 Ke7 22. a4 Rag8 23. Rhg1 Re4 24. Rac1 Kd7 25. Rc5 b6 26. Rc3 h6 27. Rgc1 Rc8 28. h3 Bb7 29. Rxc8 Bxc8 30. Rc2 Ba6 31. g3 Kd8 32. Rd2 Kc7 33. Ne1 Kd7 34. Nc2 Ke7 35. Ne3 h5 36. Kf3 f6 37. exf6+ Kxf6 38. h4 Bb7 39. Rd3 e5 40. dxe5+ Kxe5 41. g4 Rb4 0-1